| 000 | 00813nam a22002417a 4500 | ||
|---|---|---|---|
| 020 | _a9694750008 | ||
| 082 |
_a808.812976 _bCHA _cD |
||
| 100 |
_aChaudhry, Muhammad Arshad _96526 |
||
| 245 |
_aMovements of reverene _cChaudhry, Muhammad Arshad |
||
| 260 |
_aRawalpindi _bPap-board printer _c1993 |
||
| 300 |
_axi, 79 p. _bill. _c25 cm. |
||
| 526 |
_a0 _b0 _c0 _d808_812976000000000_CHA |
||
| 526 |
_a0 _b0 _c0 _d808_812976000000000_CHA |
||
| 526 |
_a0 _b0 _c0 _d808_812976000000000_CHA |
||
| 526 |
_a0 _b0 _c0 _d808_812976000000000_CHA |
||
| 526 |
_a0 _b0 _c0 _d808_812976000000000_CHA |
||
| 526 |
_a0 _b0 _c0 _d808_812976000000000_CHA |
||
| 526 |
_a0 _b0 _c0 _d808_812976000000000_CHA |
||
| 526 |
_a0 _b0 _c0 _d808_812976000000000_CHA |
||
| 526 |
_a0 _b0 _c0 _d808_812976000000000_CHA |
||
| 650 |
_aD _96527 |
||
| 942 |
_2ddc _cBK |
||
| 999 |
_c549214 _d549214 |
||